000 01016nam a22002417a 4500
003 OSt
005 20150408114128.0
008 130318t 1994jo ||||g |||| 00| 0 ara d
040 _aMa-un
082 _a612.65
_bا ر ت
100 _aإلينجورث، رونالد س
245 _aتطور الوليد والطفل الصغير سويا وغير السوي /
_cتأليف رونالد س. الينجورت ؛ ترجمة سعد سليمان حجازي، عبد الرحمن عدس، يونس علي حجازي.
250 _aط. 9.
260 _aعمان، الاردن
_bمركز الكتب الاردني
_c1994
300 _a665 ص.:
_bايض.؛
_c22 سم.
650 _aالأطفال
_xنمو
650 _aالاطفال
_xصحة ونظافة
_911707
650 _aالرضاعة
_934687
700 _aحجازي، سعد سليمان
_eمترجم
_934688
700 _aحجازي، يونس علي
_eمترجم
_934689
700 _aعدس، عبد الرحمن
_eمترجم
_934690
942 _2ddc
_cBOOK
999 _c29270
_d263770